...

NIRU LIBRARY

Data science for cyber-security / (Record no. 69)

MARC details
000 -LEADER
fixed length control field 00796cam a2200229 i 4500
003 - CONTROL NUMBER IDENTIFIER
control field OSt
005 - DATE AND TIME OF LATEST TRANSACTION
control field 20230620112127.0
008 - FIXED-LENGTH DATA ELEMENTS--GENERAL INFORMATION
fixed length control field 180507s2019 njuab b 001 0 eng
020 ## - INTERNATIONAL STANDARD BOOK NUMBER
International Standard Book Number 9781786345639- vol 3
040 ## - CATALOGING SOURCE
Transcribing agency NIRUC
050 00 - LIBRARY OF CONGRESS CALL NUMBER
Classification number TK 5105.59
Item number .D38 2019
130 ## - MAIN ENTRY--UNIFORM TITLE
Uniform title Data Science for Cyber-Security
245 00 - TITLE STATEMENT
Title Data science for cyber-security /
Statement of responsibility, etc. edited by Nick Heard ... [ et al ]
260 ## - PUBLICATION, DISTRIBUTION, ETC.
Place of publication, distribution, etc. New jersey
Name of publisher, distributor, etc. World scientific
300 ## - PHYSICAL DESCRIPTION
Extent v. : ill.
Dimensions 23 cm.
490 0# - SERIES STATEMENT
Series statement Security science and technology,
International Standard Serial Number 2059-1063 ;
Volume/sequential designation vol. 3
504 ## - BIBLIOGRAPHY, ETC. NOTE
Bibliography, etc. note Includes bibliographical references
650 #0 - SUBJECT ADDED ENTRY--TOPICAL TERM
Topical term or geographic name entry element Internet
General subdivision Security measures
-- Data processing
Form subdivision Congresses
650 #0 - SUBJECT ADDED ENTRY--TOPICAL TERM
Topical term or geographic name entry element Data protection
General subdivision Statistical methods
Form subdivision Congresses
700 1# - ADDED ENTRY--PERSONAL NAME
Personal name Heard, Nick ... [ et al ]
Relator term editor
942 ## - ADDED ENTRY ELEMENTS (KOHA)
Source of classification or shelving scheme Library of Congress Classification
Koha item type Books
Suppress in OPAC No
Holdings
Withdrawn status Lost status Source of classification or shelving scheme Damaged status Not for loan Home library Current library Shelving location Date acquired Serial enumeration / chronology Total checkouts Full call number Barcode Date last seen Date last checked out Price effective from Koha item type
    Library of Congress Classification     NIRU LIBRARY NIRU LIBRARY On display 06/20/2023 vol 3 3 TK 5105.59 .D38 2019 2023-0136 12/10/2025 11/07/2025 06/20/2023 Books
    Library of Congress Classification     NIRU LIBRARY NIRU LIBRARY On display 06/20/2023 vol 3 1 TK 5105.59 .D38 2019 2023-0153 07/16/2024 02/08/2024 06/20/2023 Books
Copyright © 2025&6. National Intelligence and Research University. All Rights Reserved.